00915nam a22002657a 450000500170000001000130001702000220003003500130005203700160006504000120008108200160009310000260010924500860013525000120022126000460023327000480027930000230032750000200035065000460037065000250041670000270044194200250046899900190049395201370051220170124110208.0 aA-408484 c55.00a0876924127 aA-408484 bCen Lib/Ret aDPLbEN a620.01bMIL aMiller, Irwin 937642 aProbability and statistics for engineers /cby Irwin Miller [and] John E. Freund  a3rd ed. aNew Delhi bPrentice Hall of India c1985 bNew Delhi aM-97, connaught circus e110001 ax, 529p.c21cm(Hb) aIncludes index  aEngineering -- Statistical methods972953 aProbabilities920419 aFreund, John E.937645 2ddccENh620.01mMIL c133338d133338 00104070aLbLd2015-07-25eCen Lib/Retg55.00l5o620.01 MILpA-408484r2018-09-07 00:00:00s2018-09-07t1v55.00w2015-07-25yEN